<?xml version="1.0" encoding="UTF-8"?><?xml-stylesheet type="text/xsl" href="static/style.xsl"?><OAI-PMH xmlns="http://www.openarchives.org/OAI/2.0/" xmlns:xsi="http://www.w3.org/2001/XMLSchema-instance" xsi:schemaLocation="http://www.openarchives.org/OAI/2.0/ http://www.openarchives.org/OAI/2.0/OAI-PMH.xsd"><responseDate>2026-04-17T15:20:39Z</responseDate><request verb="GetRecord" identifier="oai:www.recercat.cat:10459.1/464786" metadataPrefix="marc">https://recercat.cat/oai/request</request><GetRecord><record><header><identifier>oai:recercat.cat:10459.1/464786</identifier><datestamp>2025-09-15T18:59:58Z</datestamp><setSpec>com_2072_3622</setSpec><setSpec>col_2072_479130</setSpec></header><metadata><record xmlns="http://www.loc.gov/MARC21/slim" xmlns:dcterms="http://purl.org/dc/terms/" xmlns:xsi="http://www.w3.org/2001/XMLSchema-instance" xmlns:doc="http://www.lyncode.com/xoai" xsi:schemaLocation="http://www.loc.gov/MARC21/slim http://www.loc.gov/standards/marcxml/schema/MARC21slim.xsd">
   <leader>00925njm 22002777a 4500</leader>
   <datafield ind2=" " ind1=" " tag="042">
      <subfield code="a">dc</subfield>
   </datafield>
   <datafield ind2=" " ind1=" " tag="720">
      <subfield code="a">Hessel, Volker</subfield>
      <subfield code="e">author</subfield>
   </datafield>
   <datafield ind2=" " ind1=" " tag="720">
      <subfield code="a">Escribà i Gelonch, Marc</subfield>
      <subfield code="e">author</subfield>
   </datafield>
   <datafield ind2=" " ind1=" " tag="720">
      <subfield code="a">Sojitra, Mruddual Kirankumar</subfield>
      <subfield code="e">author</subfield>
   </datafield>
   <datafield ind2=" " ind1=" " tag="720">
      <subfield code="a">Pranggono, Raihanah</subfield>
      <subfield code="e">author</subfield>
   </datafield>
   <datafield ind2=" " ind1=" " tag="720">
      <subfield code="a">Kinasz, Daniel</subfield>
      <subfield code="e">author</subfield>
   </datafield>
   <datafield ind2=" " ind1=" " tag="720">
      <subfield code="a">Zhuang, Changping</subfield>
      <subfield code="e">author</subfield>
   </datafield>
   <datafield ind2=" " ind1=" " tag="720">
      <subfield code="a">Davey, Kenneth</subfield>
      <subfield code="e">author</subfield>
   </datafield>
   <datafield ind2=" " ind1=" " tag="720">
      <subfield code="a">McLaughlin, Michael</subfield>
      <subfield code="e">author</subfield>
   </datafield>
   <datafield ind2=" " ind1=" " tag="720">
      <subfield code="a">Tran, Nam Nghiep</subfield>
      <subfield code="e">author</subfield>
   </datafield>
   <datafield ind2=" " ind1=" " tag="260">
      <subfield code="c">2023-01-09</subfield>
   </datafield>
   <datafield ind2=" " ind1=" " tag="520">
      <subfield code="a">A looming global scarcity of the nutrient phosphorus (P) requires solutions to prevent losses via recycling and recovery. One approach is to address this practically in lunar space. Here we propose for the first time a 'circular' solution that uses P-fertiliser fed to lettuce-hydroponics to grow at scale to feed six (6) astronauts. The P-feed is created via minerals leaching from P-containing moon crust. Phosphorus in the non-edible part of the lettuce is recycled via mineralisation of the roots to ash. The ash permits the recovery also of potassium (K). Judicious experimentation to determine mineralisation at various temperatures (250 to 750 degrees C) confirmed that a 'low' treatment at 250 degrees C was optimal for P recovery supported via leaching with an organic acid. The leached solution contained, respectively, 117 mg P L-1 and 1083 mg K L-1. Significantly, for the P-bioprocess, a Material Circular Indicator (MCI) score was computed to be 0.59, a value similar to processes in 'Circular Mars Biofactories', and a factor of 2.7 with respect to conventional terrestrial extraction. A holistic sustainability assessment via Life Cycle Assessment (LCA) demonstrated a global warming potential (GWP) of 0.3 kg CO2-eq. g(-1) and favourable E-factor (mass ratio of waste to product) 0.02. We reliably estimate N nutrient productivity via non-thermal plasma N-2-fixation in a N-P-K fertiliser and production in a moon colony, and conclude the hydroponic proposal will provide an N-P-K fertiliser of, respectively, 248, 47, and 350 mg L-1, in lunar space to grow lettuce for six astronauts. Findings will be of benefit and interest to a wide range of engineers and researchers for growing food in circular fashion and under extreme conditions.</subfield>
   </datafield>
   <datafield ind2=" " ind1=" " tag="520">
      <subfield code="a">Dr Marc Escribà-Gelonch acknowledges funding from European Union’s Horizon 2020 Beatriu de Pinós Programme (Government of Catalonia), framed in Horizon 2020 Research and Innovation grant agreement No. 801370. Prof. Volker Hessel acknowledges funding from the University of Adelaide-internal ‘Hessel Group Fund’.</subfield>
   </datafield>
   <datafield tag="653" ind2=" " ind1=" ">
      <subfield code="a">Eutrophication</subfield>
   </datafield>
   <datafield tag="653" ind2=" " ind1=" ">
      <subfield code="a">Fertilizers</subfield>
   </datafield>
   <datafield tag="653" ind2=" " ind1=" ">
      <subfield code="a">Global warming</subfield>
   </datafield>
   <datafield tag="653" ind2=" " ind1=" ">
      <subfield code="a">Hydroponics</subfield>
   </datafield>
   <datafield tag="653" ind2=" " ind1=" ">
      <subfield code="a">Moon</subfield>
   </datafield>
   <datafield tag="653" ind2=" " ind1=" ">
      <subfield code="a">Phosphorus</subfield>
   </datafield>
   <datafield tag="653" ind2=" " ind1=" ">
      <subfield code="a">Lettuce</subfield>
   </datafield>
   <datafield ind2="0" ind1="0" tag="245">
      <subfield code="a">Circular bioprocess for phosphorus nutrient recovery to grow lettuce in lunar space</subfield>
   </datafield>
</record></metadata></record></GetRecord></OAI-PMH>